LEADER 01369nam a2200301 a 4500 001 000000022084 003 CaOOAMICUS 005 20131212113202.0 008 950418s1983 be c u000 u dut r 035 $a10550183 040 $aPUL(R)$bita 245 00$aPascua Mediaevalia :$bstudies voor Prof. Dr. J.M. De Smet. /$credaktie: R. Lievens - E. Van Mingroot - W. Verbeke. 260 $aLeuven :$bUniversitaire pers Leuven,$c1983. 300 $axii, 691 p. :$b1 tav. (ritr.) ;$c25 cm 490 1 $aMediaevalia Lovaniensia.$aSeries 1, Studia ;$v10 500 $aInclude indici. 504 $aBibliografia a pič pagina. 600 14$aDe Smet, J.M.$0(OLS)http://pul/subject/13975 700 1 $aLievens, R.$q(Robrecht).$0(OLS)http://pul/name/18794 700 1 $aMingroot, Erik van.$0(OLS)http://pul/name/18796 700 1 $aVerbeke, W.$0(OLS)http://pul/name/18795 830 0$aMediaevalia Lovaniensia.$nSeries 1,$pStudia ;$v10.$0(OLS)http://pul/title/1024 850 $aPUL 852 $aPUL$W1$xSL Diritto e Scienze Sociali 1$y4$m208 A 4.11$j31029$nBK-PRI$qStampati$B31029$CPULBib$Z2$F31029 $H51250 $81 941 1 $a8 961 $aINV: 51250 996 $6245$aPascua Mediaevalia :$bstudies voor Prof. Dr. J.M. De Smet.$9(OLS)http://pul/title/30828 996 $6260$aLeuven :$bUniversitaire pers Leuven$9(OLS)http://pul/publisher/57450 LEADER 00962nam a2200253 u 4500 001 000000086211 003 CaOOAMICUS 005 20070226124255.0 008 050927s1957 it u000 u ita u 035 $a11060144 040 $aPUL(R)$bita 041 0 $aita$alat 100 1 $aArnaldi, Francesco,$d1897-1980.$0(OLS)http://pul/name/3684 245 10$aAntologia della poesia latina /$cFrancesco Arnaldi. 250 $a2. ed. 260 $aNapoli :$bIst. Ed. del Mezzogiorno,$c1957. 300 $av. <1- > ;$c22 cm 505 1 $av. 1. Da Nevio a Properzio. 650 4$aPoesia latina.$0(OLS)http://pul/subject/2184 850 $aPUL 852 $aPUL$W1$xDP1 Fondo Cecchetti$y53$m294 A 4(1)$j109473$nBK-PRI$b $qFondi$B109473$CPULBib$Z2$F109473 $HPUL3579 $81 941 1 $a1 996 $6245$aAntologia della poesia latina$9(OLS)http://pul/title/111758 996 $6260$aNapoli :$bIst. Ed. del Mezzogiorno$9(OLS)http://pul/publisher/77398